000 00770nam a2200217Ii 4500
003 JO-AjNU
008 230605s9999||||xx |||||||||||||| ||und||
017 _a2008/4/1068
040 _aJO-AjNU
_bara
_erda
_cJO-AjNU
041 _aara
050 1 4 _aHF5679.J39 2009
100 3 _aالجزراوي، ابراهيم / م.مشارك: عامر الجنابي,
_eauthor
_930440
245 0 0 _aاساسيات نظم المعلومات المحاسبية
250 _aط العربية
264 3 1 _aعمان: دار اليازوري العلمية للنشر والتوزيع، 2009
300 _a258ص
336 _atext
_btxt
_2rdacontent
337 _aunmediated
_bn
_2rdamedia
338 _avolume
_bnc
_2rdacarrier
650 4 _aالمحاسبة المالية
_930441
999 _aA12067
_c15635
_d15635